Statistics for Oscar Winners by TV Roles

Click here to take the quiz!

General Stats

  • This quiz has been taken 49 times
  • The average score is 11 of 20

Answer Stats

RoleShowAnswerAwards% Correct
MorkMork and MindyRobin WilliamsBest Supporting Actor
98%
Dr. Doug RossERGeorge ClooneyBest Supporting Actor
96%
Richie CunninghamHappy DaysRon HowardBest Director
89%
Jamie Stemple BuchmanMad About YouHelen HuntBest Actress
67%
Sister BertrilleThe Flying NunSally FieldBest Actress (2)
67%
Steve KellerStreets of San FranciscoMichael DouglasBest Actor
63%
Rowdy YatesRawhideClint EastwoodBest Director (2)
61%
Kip Wilson / Buffy WilsonBosom BuddiesTom HanksBest Actor (2)
61%
Bonnie PlunkettMomAllison JanneyBest Supporting Actress
52%
Luke BrowerGrowing PainsLeonardo DiCaprioBest Actor
46%
Annalise KeatingHow to Get Away with MurderViola DavisBest Supporting Actress
46%
Dr. Philip ChandlerSt. ElsewhereDenzel WashingtonBest Actor / Best Supporting Actor
43%
Allison DuboisMediumPatricia ArquetteBest Supporting Actress
43%
Shirley Renfrew PartridgeThe Partridge FamilyShirley JonesBest Supporting Actress
43%
Lt. Mike StoneStreets of San FranciscoKarl MaldenBest Supporting Actor
41%
Sookie StackhouseTrue BloodAnna PaquinBest Supporting Actress
39%
Quinton McHaleMcHale's NavyErnest BorgnineBest Actor
39%
Phyllis LindstromMary Tyler Moore / PhyllisCloris LeachmanBest Supporting Actress
35%
Grandpa Amos McCoyThe Real McCoysWalter BrennanBest Supporting Actor (3)
24%
Kai Winn AdamiStar Trek; Deep Space NineLouise FletcherBest Actress
17%

Score Distribution

Percentile by Number Answered

Percent of People with Each Score

Your Score History

You have not taken this quiz